| 000 | 00473nam a22001577a 4500 | ||
|---|---|---|---|
| 020 | _a0071164944 | ||
| 040 | _cNUST | ||
| 082 |
_a511.322 _bLIP |
||
| 100 |
_aLipschutz, Seymour _98529 |
||
| 245 | _aSchaum's Outline of Theory and Problems of Set Theory and Related Topics | ||
| 250 | _aSecond Edition | ||
| 260 |
_aNew York: _bMcGraw-Hill, _c1999. |
||
| 440 |
_a Schaum's Outline Series _98664 |
||
| 650 |
_aSet Theory Problems, Exercises, etc _9125738 |
||
| 942 |
_2ddc _cBK |
||
| 999 |
_c611437 _d611437 |
||